10 najlepszych niemieckich zespołów w tabeli wszechczasów - Statystyki

Ogólne statystyki
  • Ten quiz został rozwiązany 50 razy
  • Średni wynik to 7 z 10
Statystyki odpowiedzi
L.P Odpowiedź Punkty % Poprawnych
1. Bayern Monachium 4149
100%
2. Borussia Dortmund 3199
98%
9. Bayer Leverkusen 2510
83%
8. Schalke 2563
81%
6. Hamburger SV 2733
73%
3. Werder Brema 3015
73%
5. Borussia Mönchengladbach 2841
69%
7. Eintracht Frankfurt 2595
65%
4. VfB Stuttgart 2888
48%
10. 1.FC Köln 2484
13%
Nie znaleziono quizów pasujących do podanych kryteriów
Rozkład punktacji
Procent ludzi z każdym wynikiem
Percentyl według liczby udzielonych odpowiedzi
Twoja historia wyników
Nie rozwiązałeś tego quizu